Loading...
| Mythology | 0 | 4 | 0 | 0 | 40 | 86 | 99.75 | 0 | 1 |
| Literature - American Literature | 0 | 2 | 0 | 1 | 20 | 140 | 144.00 | 0 | 0 |
| Literature - British Literature | 0 | 2 | 0 | 1 | 20 | 136 | 138.50 | 0 | 0 |
| History - Other History | 0 | 2 | 0 | 2 | 20 | 125 | 127.00 | 0 | 0 |
| History - American History | 0 | 1 | 0 | 0 | 10 | 102 | 102.00 | 0 | 0 |
| Literature - World/Other Literature | 0 | 1 | 0 | 1 | 10 | 143 | 143.00 | 0 | 0 |
| Philosophy | 0 | 1 | 0 | 0 | 10 | 136 | 136.00 | 0 | 0 |
| Geography/Current Events | 0 | 1 | 0 | 0 | 10 | 107 | 107.00 | 0 | 0 |
| Science - Biology | 0 | 1 | 0 | 1 | 10 | 124 | 124.00 | 0 | 0 |
| Science - Other Science | 0 | 1 | 0 | 0 | 10 | 116 | 116.00 | 0 | 0 |
| Other Academic | 0 | 1 | 0 | 1 | 10 | 128 | 128.00 | 0 | 0 |
| Fine Arts - Other Fine Arts | 0 | 1 | 1 | 1 | 5 | 134 | 134.00 | 0 | 0 |
| Science - Physics | 0 | 0 | 0 | 0 | 0 | 0.00 | 0 | 0 | |
| Fine Arts - Visual Fine Arts | 0 | 0 | 0 | 0 | 0 | 0.00 | 0 | 0 | |
| History - World History | 0 | 0 | 0 | 0 | 0 | 0.00 | 0 | 0 | |
| Religion | 0 | 0 | 0 | 0 | 0 | 0.00 | 0 | 0 | |
| Fine Arts - Classical Music | 0 | 0 | 1 | 0 | -5 | 0.00 | 0 | 0 |